| 000 | 00790nas a2200265 4500 | ||
|---|---|---|---|
| 001 | BR0000665 | ||
| 003 | BR-BrBNA | ||
| 005 | 20231205101706.0 | ||
| 007 | ta | ||
| 008 | 230509b bl.|||p| |||| 00| 00por d | ||
| 040 |
_aBR-BrBNA _bpor _cBiblioteca Nacional de Agricultura |
||
| 041 | _a(Pt) | ||
| 072 | _aF08 | ||
| 100 | 1 | _aDaniel, O. | |
| 100 | 1 | _aCouto, L. | |
| 100 | 1 | _aGarcia, R. | |
| 100 | 1 | _aPassos, C.A.M. | |
| 245 | 1 | _aProposta para padronizacao da terminologia empregada em sistemas agroflorestais no Brasil | |
| 650 | _aSilvicultura | ||
| 650 | _aTerminologia | ||
| 650 | _aAgrossilvicultura | ||
| 773 | 0 |
_tRevista Arvore (Brazil) _xISSN 0100-6762 _g(Jun-Sep 1999), v. 23(3) p. 367-370 _wBR0000665 |
|
| 909 |
_a202311 _bLúcia _c55 _dLúcia Elande |
||
| 942 |
_2AGRIS _n0 _cANA |
||
| 999 |
_c163306 _d163306 |
||